[Event "Titled Tue 24th Jun Late"]
[Site "chess.com INT"]
[Date "2025.06.24"]
[Round "1"]
[White "Kramnik, Vladimir"]
[Black "Di Benedetto, Guillermo"]
[Result "1-0"]
[WhiteTitle "GM"]
[BlackTitle "FM"]
[WhiteElo "2753"]
[BlackElo "2289"]
[WhiteFideId "4101588"]
[BlackFideId "111120"]
[EventDate "2025.06.24"]

1. e4 g6 2. d4 Bg7 3. Nf3 c6 4. c4 d5 5. cxd5 cxd5 6. e5 Nc6 7. Bb5 Bg4 8. Nbd2
e6 9. Bxc6+ bxc6 10. O-O Ne7 11. h3 Bxf3 12. Nxf3 O-O 13. b3 c5 14. dxc5 Qc7 15.
Bg5 Nc6 16. Re1 Nxe5 17. Nxe5 Bxe5 18. Rc1 a5 19. Qd3 Rab8 20. c6 Rb6 21. Rc2
Rc8 22. Rec1 Qd6 23. Qe3 d4 24. Qf3 d3 25. Rc4 d2 26. Rd1 Rbxc6 27. Rxd2 Qc7 28.
Rxc6 Qxc6 29. Qxc6 Rxc6 30. g3 f6 31. Be3 Bd6 32. Kg2 Kf7 33. Rd4 Ke7 34. Ra4
Bb4 35. a3 Bc3 36. b4 axb4 37. axb4 Rc7 38. b5 Rb7 39. b6 Kd6 40. g4 e5 41. Kf3
f5 42. gxf5 gxf5 43. Rc4 Ba5 44. Rh4 f4 45. Rh6+ Kd5 46. Bxf4 exf4 47. Rh5+ Kc6
48. Rxa5 Kxb6 49. Rf5 Kc6 50. Kxf4 Kd6 51. Kg5 Ke6 52. Rf6+ Ke5 53. f4+ Ke4 54.
Re6+ Kd5 55. f5 Rf7 56. Re1 Kd6 57. f6 Kd7 58. Kf5 Kd6 59. Rd1+ Kc7 60. Ke6 Rf8
61. f7 1-0

[Event "Titled Tue 24th Jun Late"]
[Site "chess.com INT"]
[Date "2025.06.24"]
[Round "1"]
[White "Vila Dupla, Aurelio"]
[Black "Jagirapu, Harshin Reddy"]
[Result "1-0"]
[WhiteTitle "FM"]
[WhiteElo "2056"]
[BlackElo "2042"]
[WhiteFideId "2203383"]
[BlackFideId "39910679"]
[EventDate "2025.06.24"]

1. Nf3 d5 2. d4 Nf6 3. c4 e6 4. cxd5 exd5 5. Nc3 c6 6. Qc2 g6 7. Bg5 Be7 8. e3
Bf5 9. Bd3 Bxd3 10. Qxd3 O-O 11. O-O Nbd7 12. h3 Re8 13. Rfe1 Ne4 14. Bxe7 Qxe7
15. Nd2 f5 16. Rad1 Qh4 17. Qf1 g5 18. Nf3 Qh6 19. Nh2 Ndf6 20. Qd3 g4 21. hxg4
fxg4 22. f3 g3 23. Nf1 Nf2 24. Qf5 Nxd1 25. Nxd1 Qg6 26. Qxg6+ hxg6 27. Nxg3 Re6
28. Ne2 Rae8 29. Nf4 Rd6 30. Nxg6 Ng4 31. Nf4 Nh6 32. Kf2 Nf5 33. g4 Nh4 34. Kg3
Ng6 35. Nxg6 Rxg6 36. Nf2 Rge6 37. Kf4 b6 38. Nd3 c5 39. Ne5 c4 40. Kf5 Kg7 41.
g5 b5 42. f4 b4 43. Kg4 Ra6 44. f5 Rxe5 45. f6+ Kg6 46. dxe5 Rxa2 47. Rh1 c3 48.
Rh6+ Kf7 49. bxc3 b3 50. Rh7+ Kg8 51. Rb7 Rg2+ 52. Kf5 Rf2+ 53. Kg6 b2 54. Rb8# 1-0

[Event "Titled Tue 24th Jun Late"]
[Site "chess.com INT"]
[Date "2025.06.24"]
[Round "1"]
[White "Demchenko, Anton"]
[Black "Cornelisse, Lorelei"]
[Result "1-0"]
[WhiteTitle "GM"]
[BlackTitle "WFM"]
[WhiteElo "2619"]
[BlackElo "2138"]
[WhiteFideId "4160258"]
[BlackFideId "1087177"]
[EventDate "2025.06.24"]

1. e4 e5 2. Nf3 Nc6 3. Bc4 Nf6 4. d3 d5 5. exd5 Nxd5 6. O-O Bg4 7. Re1 Qd6 8.
Nc3 Nxc3 9. bxc3 f6 10. h3 Bh5 11. Rb1 O-O-O 12. d4 exd4 13. g4 Bg6 14. cxd4
Nxd4 15. Nxd4 Qxd4 16. Be6+ Kb8 17. Qf3 b6 18. Bf4 Bd6 19. Bxd6 Rxd6 20. Rbd1
Qc5 21. Rxd6 Qxd6 22. Bc4 Qb4 23. Qe2 Re8 24. Qxe8+ Bxe8 25. Rxe8+ Kb7 26. Bd5+
c6 27. Be4 a5 28. Kg2 Qd6 29. a4 Qd4 30. Re7+ Ka6 31. Bxc6 b5 32. Bxb5+ Kb6 33.
Rxg7 f5 34. Rxh7 fxg4 35. Rh6+ Ka7 36. Rh4 Qd5+ 37. Kg1 Qd1+ 38. Kg2 Qf3+ 39.
Kg1 Qd1+ 40. Kg2 Qf3+ 41. Kg1 gxh3 42. Rh7+ Kb6 43. Rg7 1-0

[Event "Titled Tue 24th Jun Late"]
[Site "chess.com INT"]
[Date "2025.06.24"]
[Round "1"]
[White "Sheehan, Ethan"]
[Black "Jacobsen, Mikkel Manosri"]
[Result "1-0"]
[BlackTitle "FM"]
[WhiteElo "2364"]
[BlackElo "2223"]
[WhiteFideId "30943965"]
[BlackFideId "1444514"]
[EventDate "2025.06.24"]

1. c4 c6 2. Nc3 d5 3. d4 Nf6 4. Nf3 dxc4 5. a4 Bf5 6. e3 e6 7. Bxc4 Nbd7 8. O-O
Be7 9. Nh4 O-O 10. f3 Bg6 11. e4 c5 12. Be3 cxd4 13. Bxd4 Bc5 14. Nxg6 hxg6 15.
Bxc5 Nxc5 16. Qxd8 Rfxd8 17. Rfd1 a5 18. Kf2 Nfd7 19. Ke3 Ne5 20. Be2 g5 21. Bb5
Kf8 22. Rxd8+ Rxd8 23. Rd1 Rc8 24. Ne2 Ke7 25. Rc1 b6 26. h3 Ng6 27. Rc2 Rd8 28.
Nd4 Ra8 29. Nc6+ Kd6 30. Kd4 Nf4 31. e5+ Kc7 32. Nxa5 Rd8+ 33. Ke3 Nxg2+ 34.
Rxg2 bxa5 35. Rxg5 g6 36. h4 Rh8 37. Rg4 Kb6 38. b4 axb4 39. Rxb4 Rh5 40. Be8+
Kc7 41. Bxf7 Rxe5+ 42. Kd2 Rf5 43. Bxg6 Rxf3 44. h5 Rh3 45. Ke2 Ra3 46. h6 Rh3
47. h7 Nd7 48. Rf4 Ne5 49. Be4 Kd6 50. Rf8 Ng4 51. h8=Q 1-0

[Event "Titled Tue 24th Jun Late"]
[Site "chess.com INT"]
[Date "2025.06.24"]
[Round "1"]
[White "Suarez, Pedro"]
[Black "Sturt, Raven"]
[Result "1/2-1/2"]
[WhiteTitle "CM"]
[BlackTitle "GM"]
[WhiteElo "2066"]
[BlackElo "2459"]
[WhiteFideId "3007642"]
[BlackFideId "2007304"]
[EventDate "2025.06.24"]

1. d4 f5 2. Nc3 Nf6 3. Bg5 d5 4. e3 e6 5. Bd3 c5 6. dxc5 Bxc5 7. Nf3 O-O 8. O-O
Be7 9. Nb5 a6 10. Nbd4 b5 11. a4 b4 12. c3 bxc3 13. bxc3 h6 14. Bf4 Bd6 15. Bxd6
Qxd6 16. c4 dxc4 17. Bxc4 Nd5 18. Qb3 Rf7 19. Rfd1 Rb7 20. Qa3 Qb4 21. Ne5 Qxa3
22. Rxa3 Kh7 23. Nxf5 exf5 24. Bxd5 Re7 25. Bxa8 Rxe5 26. Rd8 Rc5 27. h3 Nd7 28.
Bf3 Nb6 29. a5 Nc4 30. Ra4 Be6 31. Ra8 Nd2 32. Rxa6 Rc1+ 33. Kh2 Nf1+ 34. Kg1
Nxe3+ 35. Kh2 Nf1+ 36. Kg1 Bb3 37. Rd4 Ne3+ 38. Kh2 Bc4 39. Rc6 Nf1+ 40. Kg1
Nd2+ 41. Kh2 Nf1+ 42. Kg1 Nd2+ 43. Kh2 Nf1+ 1/2-1/2

[Event "Titled Tue 24th Jun Late"]
[Site "chess.com INT"]
[Date "2025.06.24"]
[Round "1"]
[White "Feng, Eric"]
[Black "Nayak, Rajesh"]
[Result "1-0"]
[BlackTitle "FM"]
[WhiteElo "2194"]
[BlackElo "2262"]
[WhiteFideId "30952590"]
[BlackFideId "35017152"]
[EventDate "2025.06.24"]

1. d4 Nf6 2. c4 g6 3. Nf3 Bg7 4. g3 d6 5. Bg2 O-O 6. O-O c6 7. Nc3 Qa5 8. Bd2
Qh5 9. Qb3 b6 10. Ng5 h6 11. Nge4 Nbd7 12. d5 c5 13. f3 Nxe4 14. Nxe4 f5 15. Nf2
g5 16. Bc3 Nf6 17. Rae1 g4 18. f4 Qg6 19. e4 h5 20. e5 Ne8 21. Nd3 h4 22. exd6
exd6 23. Bxg7 Nxg7 24. Re3 Bd7 25. Rfe1 Rae8 26. Qc3 Rxe3 27. Rxe3 Re8 28. Rxe8+
Qxe8 29. Qe1 Qxe1+ 30. Nxe1 hxg3 31. hxg3 Nh5 32. Kf2 b5 33. Bf1 Nf6 34. cxb5
Nxd5 35. Nc2 Nf6 36. Bd3 Kf7 37. a4 Ke6 38. Ne3 Ne4+ 39. Bxe4 fxe4 40. Nxg4 d5
41. Ke3 Kd6 42. Ne5 Bf5 43. g4 d4+ 44. Ke2 Be6 45. g5 Bb3 46. a5 Ba4 47. b6 axb6
48. axb6 Bb5+ 49. Kd2 e3+ 50. Kc2 c4 51. Nf3 Ba4+ 52. Kc1 d3 53. g6 Bc6 54. Nd2
e2 55. Nxc4+ Kc5 56. Kd2 Kxc4 57. g7 Bd5 58. b7 1-0

[Event "Titled Tue 24th Jun Late"]
[Site "chess.com INT"]
[Date "2025.06.24"]
[Round "1"]
[White "Kourkoulos-Arditis, Stamatis"]
[Black "Hadzovic, Amir"]
[Result "1-0"]
[WhiteTitle "GM"]
[BlackTitle "FM"]
[WhiteElo "2580"]
[BlackElo "2354"]
[WhiteFideId "4221990"]
[BlackFideId "14402300"]
[EventDate "2025.06.24"]

1. Nf3 d6 2. d4 Nf6 3. Bg5 Nbd7 4. c3 e5 5. e3 Be7 6. Be2 O-O 7. O-O b6 8. a4 a5
9. Na3 Bb7 10. dxe5 Nxe5 11. Nxe5 dxe5 12. Nc4 e4 13. Bf4 Nd5 14. Bg3 f5 15. Qb3
Kh8 16. Rad1 Qe8 17. Ne5 f4 18. exf4 Nxf4 19. Bxf4 Rxf4 20. Bc4 Bd6 21. Nf7+
Rxf7 22. Bxf7 Qe5 23. g3 e3 24. f4 Qc5 25. Rd4 g5 26. Bd5 gxf4 27. Bxb7 Rg8 28.
Bd5 fxg3 29. Bxg8 gxh2+ 30. Kh1 Qg5 31. Qd5 e2 32. Re1 Qg1+ 33. Rxg1 hxg1=Q+ 34.
Kxg1 e1=Q+ 35. Kg2 Qg3+ 36. Kf1 Qh3+ 37. Qg2 Qf5+ 38. Ke2 Qc2+ 39. Kf3 Qf5+ 40.
Ke2 Qc2+ 41. Kf1 Qc1+ 42. Kf2 Qc2+ 43. Kg1 1-0

[Event "Titled Tue 24th Jun Late"]
[Site "chess.com INT"]
[Date "2025.06.24"]
[Round "1"]
[White "Zeliantsova, Kseniya"]
[Black "Atanasov, Anthony"]
[Result "0-1"]
[WhiteTitle "WFM"]
[BlackTitle "IM"]
[WhiteElo "2062"]
[BlackElo "2417"]
[WhiteFideId "13512617"]
[BlackFideId "2623897"]
[EventDate "2025.06.24"]

1. e4 e5 2. Nf3 Nf6 3. d4 Nxe4 4. Bd3 d5 5. Nxe5 Nd7 6. O-O Nxe5 7. dxe5 Nc5 8.
Re1 Be7 9. Nc3 c6 10. Bf4 O-O 11. Bg3 a5 12. Ne2 a4 13. Nd4 Qb6 14. Rb1 Nxd3 15.
Qxd3 Bc5 16. c3 Be6 17. Bh4 Qa6 18. Qg3 Kh8 19. Re3 Qc4 20. b3 axb3 21. axb3 Qa6
22. b4 Bxd4 23. cxd4 Qa1 24. Ree1 Qxd4 25. Be7 Rfe8 26. Bc5 Qd2 27. Rbd1 Qc2 28.
Rc1 Qf5 29. h3 Ra2 30. Re3 Rea8 31. Rf3 Qg6 32. Qh4 h6 33. Be7 Kh7 34. Rg3 Qe4
35. Qh5 Ra1 36. Rxa1 Rxa1+ 37. Kh2 Qb1 38. Rf3 Qh1+ 39. Kg3 Rg1 40. Kf4 Rxg2 41.
Bh4 Qc1+ 42. Re3 d4 43. Qf3 g5+ 44. Ke4 Bd5+ 0-1

[Event "Titled Tue 24th Jun Late"]
[Site "chess.com INT"]
[Date "2025.06.24"]
[Round "1"]
[White "Mitrabha, Guha"]
[Black "Storme, Isak"]
[Result "1-0"]
[WhiteTitle "GM"]
[BlackTitle "IM"]
[WhiteElo "2515"]
[BlackElo "2466"]
[WhiteFideId "5057000"]
[BlackFideId "1728113"]
[EventDate "2025.06.24"]

1. d4 d5 2. Nf3 Nf6 3. Bf4 Bf5 4. c4 e6 5. Nc3 dxc4 6. e3 Be7 7. Bxc4 O-O 8. Qb3
b6 9. Ne5 Nfd7 10. O-O Nxe5 11. Bxe5 Nc6 12. Bg3 Na5 13. Qa4 c6 14. Be2 b5 15.
Qd1 Bg6 16. Rc1 a6 17. Bf3 Rc8 18. Ne4 Nc4 19. b3 Nb6 20. Nc5 a5 21. Nb7 Qd7 22.
Nxa5 Nd5 23. e4 Nf6 24. Qc2 Bb4 25. Nxc6 Ba3 26. Bh4 Bxc1 27. Rxc1 Kh8 28. Bxf6
gxf6 29. Qc5 Kg7 30. h4 h5 31. Qxb5 Rc7 32. e5 fxe5 33. Qxe5+ f6 34. Qg3 Kh7 35.
Rc5 Rfc8 36. Bxh5 Bf5 37. Nb8 Qe7 38. Na6 Rxc5 39. Nxc5 e5 40. Qf3 Bb1 41. Bg4
Rd8 42. Bf5+ Bxf5 43. Qxf5+ Kh6 44. Ne6 Rd6 45. d5 Rxd5 46. g4 Rd1+ 47. Kh2 e4
48. Qh5# 1-0

[Event "Titled Tue 24th Jun Late"]
[Site "chess.com INT"]
[Date "2025.06.24"]
[Round "1"]
[White "Kobo, Ori"]
[Black "Myagmarsuren, Evsuld"]
[Result "1-0"]
[WhiteTitle "GM"]
[BlackTitle "FM"]
[WhiteElo "2493"]
[BlackElo "2292"]
[WhiteFideId "2812320"]
[BlackFideId "1551639"]
[EventDate "2025.06.24"]

1. c4 c6 2. Qa4 d5 3. cxd5 Qxd5 4. Nc3 Qd8 5. Nf3 Nf6 6. d4 Bf5 7. Qb3 Qb6 8.
Bf4 Nbd7 9. e3 e6 10. h3 Qxb3 11. axb3 Bb4 12. Nd2 Nd5 13. Nxd5 exd5 14. Kd1 Nf6
15. f3 h5 16. Be2 O-O 17. g4 hxg4 18. hxg4 Bg6 19. Nf1 Rfe8 20. Ng3 Nd7 21. Nf5
Nf8 22. Bd3 Ne6 23. Bg3 Ng5 24. Ke2 a5 25. Rh2 Re6 26. Rah1 Nh7 27. Nxg7 Kxg7
28. Bxg6 Nf8 29. Bf5 Re7 30. Bf4 Rae8 31. Bh6+ Kg8 32. Bg5 f6 33. Bxf6 Rxe3+ 34.
Kf2 Re2+ 35. Kg3 Bd6+ 36. Be5 Bxe5+ 37. dxe5 R8xe5 38. Rh8+ Kg7 39. Kf4 c5 40.
R8h6 b5 41. Rb6 b4 42. Rb5 Ne6+ 43. Bxe6 Rxe6 44. Rxc5 Rxb2 45. Rc7+ Kg6 46. Rh8
Rf6+ 47. Kg3 Rxb3 48. Rg8+ Kh6 49. g5+ Kh5 50. Rh7+ Rh6 51. Rxh6# 1-0

[Event "Titled Tue 24th Jun Late"]
[Site "chess.com INT"]
[Date "2025.06.24"]
[Round "1"]
[White "Karas, Marek"]
[Black "Gorbenko, Rustem"]
[Result "1-0"]
[WhiteTitle "FM"]
[BlackTitle "CM"]
[WhiteElo "2215"]
[BlackElo "2201"]
[WhiteFideId "14928558"]
[BlackFideId "14111438"]
[EventDate "2025.06.24"]

1. d4 e6 2. e4 d5 3. exd5 exd5 4. Nf3 Nc6 5. Bb5 Bd6 6. c4 dxc4 7. d5 a6 8.
Bxc6+ bxc6 9. dxc6 Ne7 10. Qa4 Rb8 11. Qxc4 O-O 12. O-O Be6 13. Qxa6 Rb6 14. Qe2
Nxc6 15. Be3 Rb8 16. Nc3 Bg4 17. h3 Bh5 18. Ne4 Ne5 19. Ng3 Nxf3+ 20. gxf3 Bg6
21. f4 Qh4 22. Qg4 Qxg4 23. hxg4 Bd3 24. Rfd1 Bc2 25. Rd2 Ba4 26. b3 Bc6 27. Nf5
Bb4 28. Rc2 Bd7 29. Rxc7 Bxf5 30. gxf5 Rfc8 31. Rac1 Rxc7 32. Rxc7 f6 33. Bc5
Bd2 34. Bd6 Rd8 35. Rc6 h5 36. b4 Rd7 37. b5 Rb7 38. b6 h4 39. Bc7 Ba5 40. Kg2
Kf7 41. Kh3 Be1 42. Kxh4 Bxf2+ 43. Kg4 Ke7 44. a4 Kd7 45. Rd6+ Ke7 46. Re6+ Kf7
47. a5 1-0

[Event "Titled Tue 24th Jun Late"]
[Site "chess.com INT"]
[Date "2025.06.24"]
[Round "1"]
[White "Jasinski, Alexander"]
[Black "Szpar, Milosz"]
[Result "0-1"]
[BlackTitle "IM"]
[WhiteElo "1989"]
[BlackElo "2495"]
[WhiteFideId "55627994"]
[BlackFideId "1184989"]
[EventDate "2025.06.24"]

1. e4 e6 2. d4 d5 3. exd5 exd5 4. Nf3 Nf6 5. c4 Bb4+ 6. Nbd2 O-O 7. Be2 dxc4 8.
O-O b5 9. a4 c6 10. Qc2 a6 11. b3 c3 12. Nb1 Nd5 13. axb5 cxb5 14. Bxb5 Bb7 15.
Bd3 h6 16. Ba3 Nc6 17. Bc4 a5 18. Bxd5 Qxd5 19. Nxc3 Nxd4 20. Nxd5 Nxc2 21. Bxb4
axb4 22. Rxa8 Rxa8 23. Ne7+ Kf8 24. Nf5 Ra3 25. N3d4 Be4 26. Nxc2 Bxc2 27. Nd4
Bxb3 28. Rb1 Ba4 29. f4 b3 30. h3 Ke7 31. Kf2 Ra2+ 32. Kf3 Kd6 33. Ke4 Rxg2 34.
Nxb3 Bc6+ 35. Kd4 Rf2 36. Na5 Rxf4+ 37. Ke3 Re4+ 38. Kd3 Ra4 39. Nc4+ Kc5 40.
Nd2 Ra3+ 41. Ke2 Rxh3 42. Rc1+ Kd5 43. Kf2 Rh2+ 44. Ke3 Bb5 45. Nf3 Re2+ 46. Kf4
Re4+ 47. Kg3 Bc6 48. Rd1+ Kc5 49. Rc1+ Kb6 50. Rb1+ Kc7 51. Ra1 Re3 52. Ra7+ Kb6
53. Rxf7 Rxf3+ 54. Rxf3 Bxf3 55. Kxf3 Kc6 0-1

[Event "Titled Tue 24th Jun Late"]
[Site "chess.com INT"]
[Date "2025.06.24"]
[Round "1"]
[White "Sokolovsky, Yahli"]
[Black "Gomes, Luiz Alexandre de Souza"]
[Result "1-0"]
[WhiteTitle "GM"]
[BlackTitle "FM"]
[WhiteElo "2542"]
[BlackElo "2254"]
[WhiteFideId "2820242"]
[BlackFideId "2102790"]
[EventDate "2025.06.24"]

1. b3 d6 2. d4 Nf6 3. Bb2 g6 4. Nf3 Bg7 5. c4 O-O 6. Nc3 c5 7. e3 cxd4 8. exd4
Bg4 9. Be2 Nc6 10. O-O a6 11. h3 Bd7 12. d5 Nb8 13. a4 Re8 14. Qd2 Bc8 15. a5
Nbd7 16. Na4 Rb8 17. Nd4 Qc7 18. Bd3 Nc5 19. Nxc5 Qxc5 20. Rfe1 Bd7 21. Re2 Nh5
22. b4 Qa7 23. Bc2 Rbc8 24. Bb3 Rc7 25. Rae1 Bc8 26. Ba4 Rf8 27. Rxe7 Rxc4 28.
Nc6 Qa8 29. Bb3 Rf4 30. Bxg7 Nxg7 31. Qxf4 bxc6 32. dxc6 Nf5 33. Re8 Qxc6 34.
Rxf8+ Kxf8 35. g4 Bb7 36. Kf1 Qg2+ 37. Ke2 Bf3+ 38. Kd3 Qxh3 39. Re3 Qxg4 40.
Qxf3 Qxb4 41. Qa8+ Kg7 42. Qd5 1-0

[Event "Titled Tue 24th Jun Late"]
[Site "chess.com INT"]
[Date "2025.06.24"]
[Round "1"]
[White "Shafer, Logan C"]
[Black "Winkels, Marcel"]
[Result "1-0"]
[WhiteTitle "CM"]
[BlackTitle "CM"]
[WhiteElo "2217"]
[BlackElo "1905"]
[WhiteFideId "30993342"]
[BlackFideId "1003887"]
[EventDate "2025.06.24"]

1. e4 d6 2. d4 Nf6 3. Nc3 g6 4. Be3 c6 5. Qd2 b5 6. f3 Nbd7 7. h4 h6 8. O-O-O b4
9. Nce2 a5 10. Kb1 Nb6 11. Ng3 Rb8 12. Bd3 Na4 13. Ka1 Bg7 14. N1e2 Qc7 15. Bc4
c5 16. dxc5 Nxc5 17. Nd4 a4 18. h5 g5 19. Ngf5 Bxf5 20. Nxf5 Bf8 21. Bd4 Rg8 22.
Bxf6 exf6 23. Nxd6+ Bxd6 24. Qxd6 Qxd6 25. Rxd6 Ke7 26. Rhd1 g4 27. f4 Rb7 28.
e5 f5 29. Rxh6 Ne4 30. Rh7 Rf8 31. e6 Rc7 32. Bd5 Nd6 33. exf7 Nxf7 34. Bxf7
Rxf7 35. Rxf7+ Kxf7 36. Kb1 g3 37. Rd3 Re7 38. a3 b3 39. cxb3 Re1+ 40. Ka2 axb3+
41. Rxb3 Re2 42. Rxg3 Rf2 43. h6 Rxf4 44. Rh3 Kg8 45. h7+ Kh8 46. Kb3 Rf2 47. g3
Rf3+ 48. Kb4 f4 49. Rh4 fxg3 50. Rg4 Kxh7 51. a4 Kh6 52. a5 Kh5 53. Rg8 Kh4 54.
a6 1-0

[Event "Titled Tue 24th Jun Late"]
[Site "chess.com INT"]
[Date "2025.06.24"]
[Round "1"]
[White "Popilski, Gil"]
[Black "Martinez Alcantara, Jose Eduardo"]
[Result "1-0"]
[WhiteTitle "GM"]
[BlackTitle "GM"]
[WhiteElo "2431"]
[BlackElo "2611"]
[WhiteFideId "2809060"]
[BlackFideId "3805662"]
[EventDate "2025.06.24"]

1. e4 c5 2. Nf3 d6 3. d4 cxd4 4. Nxd4 a6 5. c4 e6 6. Nc3 b6 7. Bd3 Bb7 8. O-O
Nf6 9. Qe2 Be7 10. f4 O-O 11. Kh1 Nc6 12. Nxc6 Bxc6 13. e5 Nd7 14. exd6 Bxd6 15.
Ne4 Be7 16. Ng5 Nf6 17. Bd2 h6 18. Bc3 Qd7 19. Rad1 Qb7 20. Bxf6 Bxf6 21. Nh7
Rfd8 22. Nxf6+ gxf6 23. Qg4+ Kf8 24. Qh3 Ke7 25. Be2 Rxd1 26. Rxd1 Rg8 27. Bf1
Be4 28. Qa3+ Ke8 29. Rd2 Rg4 30. Qd6 Qc8 31. c5 b5 32. c6 Bxc6 33. Rc2 Qd7 34.
Rxc6 Qxd6 35. Rxd6 Rxf4 36. Kg1 Ra4 37. Rxa6 Rd4 38. Bxb5+ Kf8 39. Bf1 Rd2 40.
Rb6 f5 41. a4 Rd1 42. a5 Ra1 43. a6 e5 44. Kf2 e4 45. Bc4 f4 46. Rf6 e3+ 47. Ke2
Rb1 48. Rxf7+ Ke8 49. Rxf4 Rxb2+ 50. Kxe3 Rb4 51. Bf7+ Ke7 52. Rxb4 Kf6 53. Rb5
h5 54. Bxh5 Kg7 55. a7 Kh6 56. a8=Q Kg7 57. Qa6 Kg8 58. Rb8+ Kg7 59. Rb7+ 1-0

[Event "Titled Tue 24th Jun Late"]
[Site "chess.com INT"]
[Date "2025.06.24"]
[Round "1"]
[White "Dovgaliuk, Oleksandr"]
[Black "Papasimakopoulos, Alexandros"]
[Result "0-1"]
[BlackTitle "IM"]
[WhiteElo "2190"]
[BlackElo "2366"]
[WhiteFideId "14167247"]
[BlackFideId "4244125"]
[EventDate "2025.06.24"]

1. c4 e6 2. g3 d5 3. Bg2 Nf6 4. Nf3 Be7 5. O-O O-O 6. d4 c6 7. Nbd2 Nbd7 8. b3
b6 9. Bb2 Bb7 10. Qc2 c5 11. Rad1 Rc8 12. Qb1 dxc4 13. Nxc4 Be4 14. Qa1 Qc7 15.
dxc5 Bxc5 16. Nfe5 Bxg2 17. Kxg2 Nxe5 18. Bxe5 Qb7+ 19. f3 Ne8 20. a4 f6 21. Bb2
Qc6 22. Rd3 Nc7 23. Rfd1 Nd5 24. e4 Nb4 25. Rd7 Rc7 26. Rxc7 Qxc7 27. Qc1 a6 28.
Qd2 b5 29. axb5 axb5 30. Na3 Qb6 31. Qd7 Rb8 32. g4 Qc6 33. g5 Qxd7 34. Rxd7 e5
35. f4 Nc6 36. gxf6 gxf6 37. Rd5 Bd4 38. Bxd4 Nxd4 39. fxe5 fxe5 40. Rxe5 b4 41.
Nc4 Nxb3 42. Kf3 Ra8 43. Ke3 Rc8 44. Nb2 Rc3+ 45. Kf4 Nc5 46. Re8+ Kf7 47. Rb8
b3 48. Nd1 Rh3 49. Ne3 Nd3+ 50. Kg4 Rxe3 0-1

[Event "Titled Tue 24th Jun Late"]
[Site "chess.com INT"]
[Date "2025.06.24"]
[Round "1"]
[White "Kozak, Adam"]
[Black "Tikhonov, Viacheslav"]
[Result "1-0"]
[WhiteTitle "GM"]
[BlackTitle "CM"]
[WhiteElo "2587"]
[BlackElo "2183"]
[WhiteFideId "753246"]
[BlackFideId "44196407"]
[EventDate "2025.06.24"]

1. a3 c5 2. b4 e6 3. bxc5 Bxc5 4. e3 Nf6 5. Bb2 O-O 6. Nf3 d5 7. c4 Nc6 8. cxd5
Nxd5 9. Nc3 Be7 10. Nxd5 Qxd5 11. Qc2 Rd8 12. Bc4 Qh5 13. Be2 Qc5 14. Qe4 Qd5
15. Qc2 Qc5 16. Qb1 b6 17. O-O Bb7 18. d4 Qd5 19. e4 Qb3 20. a4 Na5 21. Nd2 Qb4
22. Rd1 Rac8 23. Ra3 Bf8 24. Rh3 h6 25. Qa1 Qd6 26. Bd3 Qd7 27. Rg3 f6 28. d5 e5
29. Nf3 Bc5 30. Nxe5 fxe5 31. Bxe5 Bf8 32. Bb5 Qe7 33. Bf6 Qf7 34. Bxd8 Rxd8 35.
d6 Bxd6 36. e5 Bc7 37. Rc1 Bb8 38. e6 Qe7 39. Rg6 Rf8 40. h3 Rf6 41. Rxf6 gxf6
42. Qa2 Kg7 43. Qe2 Bd5 44. Qg4+ Kf8 45. Re1 Bd6 46. Bd3 Be5 47. Bf5 1-0

[Event "Titled Tue 24th Jun Late"]
[Site "chess.com INT"]
[Date "2025.06.24"]
[Round "1"]
[White "Svane, Rasmus"]
[Black "Nalbandyan, Vahan"]
[Result "1-0"]
[WhiteTitle "GM"]
[BlackTitle "CM"]
[WhiteElo "2626"]
[BlackElo "2155"]
[WhiteFideId "4657101"]
[BlackFideId "13309439"]
[EventDate "2025.06.24"]

1. Nf3 Nf6 2. g3 b6 3. Bg2 Bb7 4. O-O e6 5. d4 c5 6. c4 cxd4 7. Qxd4 Be7 8. Nc3
d6 9. Bg5 a6 10. Bxf6 Bxf6 11. Qf4 O-O 12. Rfd1 Be7 13. Ne4 Bxe4 14. Qxe4 Ra7
15. Nd4 Rc7 16. b3 Qc8 17. e3 Rd8 18. Bh3 Kh8 19. Rd2 Nc6 20. Rad1 Nxd4 21. exd4
Qb7 22. d5 e5 23. a4 g6 24. Bf1 f5 25. Qb1 Bf6 26. f3 Re8 27. Bd3 Rce7 28. Re2
Qc7 29. Kg2 a5 30. b4 axb4 31. Qxb4 e4 32. fxe4 fxe4 33. Bc2 Qc5 34. Qb3 e3 35.
Rf1 Rf8 36. Qd3 Kg7 37. h4 Re5 38. Rf3 Rfe8 39. Rf4 Qb4 40. Rf3 Re4 41. h5 Qxc4
42. h6+ Kf7 43. Qd1 R4e7 44. Bd3 Qc3 45. Bb5 Rf8 46. Qf1 Qd4 47. Kh3 Kg8 48. Rf4
Qe5 49. Qf3 Qh5+ 50. Qxh5 gxh5 51. Kg2 Bg5 52. Rc4 Rf6 53. Rc6 Kf7 54. Rxb6 Rf5
55. a5 Re4 56. a6 Re8 57. Bxe8+ 1-0

[Event "Titled Tue 24th Jun Late"]
[Site "chess.com INT"]
[Date "2025.06.24"]
[Round "1"]
[White "Kharitonov, Sergei"]
[Black "Lira, Suan Bruno Fernandes"]
[Result "1-0"]
[WhiteTitle "CM"]
[WhiteElo "2014"]
[BlackElo "2163"]
[WhiteFideId "4129750"]
[BlackFideId "22794620"]
[EventDate "2025.06.24"]

1. e4 c5 2. Nf3 Nc6 3. Bb5 Nf6 4. e5 Nd5 5. c3 e6 6. O-O d6 7. Re1 Nc7 8. Bxc6+
bxc6 9. exd6 Bxd6 10. d4 O-O 11. Bg5 f6 12. Bh4 Rb8 13. b3 Nd5 14. c4 Nb4 15.
Nc3 cxd4 16. Nxd4 Be5 17. Rxe5 fxe5 18. Bxd8 Rxd8 19. Qh5 exd4 20. Rd1 Bd7 21.
Ne4 Be8 22. Qe5 d3 23. h4 Bg6 24. Nc5 Bf5 25. f3 d2 26. Rxd2 a5 27. Rxd8+ Rxd8
28. h5 Re8 29. g4 Bb1 30. a3 Nd3 31. Qe3 Nxc5 32. Qxc5 h6 33. Qxc6 Re7 34. Qc8+
Kh7 35. Qc5 Rb7 36. b4 axb4 37. axb4 Bd3 38. b5 Be2 39. Kf2 Bd1 40. Qd6 Bb3 41.
Qxe6 Rb8 42. Qe4+ Kh8 43. b6 Rxb6 44. c5 1-0

[Event "Titled Tue 24th Jun Late"]
[Site "chess.com INT"]
[Date "2025.06.24"]
[Round "1"]
[White "Sobek, Jaroslav"]
[Black "Achuthan, Aryan"]
[Result "0-1"]
[WhiteTitle "FM"]
[WhiteElo "2195"]
[BlackElo "2087"]
[WhiteFideId "301388"]
[BlackFideId "30982294"]
[EventDate "2025.06.24"]

1. d4 d5 2. c4 c6 3. Nf3 Nf6 4. Nbd2 Bf5 5. Qb3 Qb6 6. e3 Nbd7 7. Be2 e6 8. O-O
Be7 9. Nh4 Bg6 10. Nxg6 hxg6 11. cxd5 cxd5 12. Qxb6 axb6 13. Nf3 Bd6 14. Rd1 Ke7
15. Bd2 Rhc8 16. Bd3 Ne4 17. Be1 Rc7 18. a3 Rac8 19. Nd2 Nxd2 20. Bxd2 Nf6 21.
f3 e5 22. Rac1 e4 23. Be2 Ke6 24. h3 Nd7 25. fxe4 dxe4 26. Rxc7 Rxc7 27. Rc1
Rxc1+ 28. Bxc1 Nf6 29. Bc4+ Nd5 30. Kf1 f5 31. Ke2 g5 32. Bd2 f4 33. b4 Bc7 34.
Kf2 Kd6 35. Ke2 Kc6 36. Bb3 b5 37. Bc2 Nf6 38. Bb3 Kd7 39. Bc2 Ke6 40. Bb3+ Kf5
41. Bf7 g4 42. exf4 gxh3 43. gxh3 Bxf4 44. Be3 g5 45. Bf2 Bc1 46. Be1 Bxa3 47.
Bc3 Bc1 48. Bb3 Nh5 49. Bd5 Nf4+ 0-1